| Tag |
First Indicator |
Second Indicator |
Subfields |
| LEADER |
00000cam a2200000Mi 4500 |
| 001 |
in00001528186 |
| 005 |
20151022050728.0 |
| 008 |
000406s1999 it 000 0 ita d |
| 020 |
|
|
|a 8804458550
|
| 029 |
0 |
|
|a C3L
|b 99500116
|
| 035 |
|
|
|a (OCoLC)ocm43082788
|
| 040 |
|
|
|a C3L
|b ita
|c C3L
|d TXA
|d UtOrBLW
|
| 043 |
|
|
|a e-it---
|
| 045 |
|
|
|a x4x-
|
| 049 |
|
|
|a TXAM
|
| 082 |
1 |
4 |
|a 853
|
| 090 |
|
|
|a PQ4862.O326
|b M87 1999
|
| 100 |
1 |
|
|a Bocelli, Andrea.
|
| 245 |
1 |
3 |
|a La musica del silenzio /
|c Andrea Bocelli.
|
| 264 |
|
1 |
|a Milano :
|b Mondadori,
|c 1999.
|
| 300 |
|
|
|a 296 pages ;
|c 23 cm.
|
| 336 |
|
|
|a text
|b txt
|2 rdacontent
|
| 337 |
|
|
|a unmediated
|b n
|2 rdamedia
|
| 338 |
|
|
|a volume
|b nc
|2 rdacarrier
|
| 490 |
0 |
|
|a Ingrandimenti
|
| 500 |
|
|
|a Novel.
|
| 500 |
|
|
|a A. Bocelli, singer.
|
| 650 |
|
0 |
|a Blind musicians
|v Fiction.
|
| 938 |
|
|
|a Casalini Libri
|b CASA
|n 99500116
|c L27000
|
| 994 |
|
|
|a E0
|b TXA
|
| 948 |
|
|
|a cataloged
|b h
|c 2000/7/10
|d c
|e fpiscitelli
|f 9:54:04 am
|
| 999 |
|
|
|a MARS
|
| 999 |
f |
f |
|s 50d5a2e1-43af-30ac-972a-ae492e6a6ed9
|i 5a95df4b-3a28-36c7-8e86-be29087b750b
|t 0
|
| 952 |
f |
f |
|p noncirc
|a Texas A&M University
|b College Station
|c Sterling C. Evans Library
|d Santa Chiara (in Italy)
|t 0
|e PQ4862.O326 M87 1999
|h Library of Congress classification
|i unmediated -- volume
|m A14826250361
|
| 998 |
f |
f |
|a PQ4862.O326 M87 1999
|t 0
|l Santa Chiara (in Italy)
|